000 00637nam a2200277Ia 4500
005 20260324150320.0
008 008 260324s9999 xx 000 0 eng d
020 _a9781315031439
037 _aEBOOK
040 _aCRL
040 _beng
040 _cCRL
041 _2eng
041 _aeng
084 _qCRL
100 _aY.S. Brennor
_91226002
245 2 _aA Short History of Economic Progress
260 _bTaylor and Francis
260 _c1969
365 _a
365 _b250
856 _uhttp://www.taylorfrancis.com/books/9781315031439
942 _cEBOOK
999 _c1835241
_d1835241